000
00320nam a22001337a 4500
008
250404b |||||||| |||| 00| 0 eng d
020
_a
8125919023
050
_a
HJ65
_b
.B53
100
_a
BHATIA H.L.
245
_a
Public Finance
260
_a
New Delhi
_b
Vikas Publishing House
_c
2006
300
_a
xiii, 716
942
_c
BK
999
_c
2866
_d
2866